Muʻjam al-mudallsīn /
Saved in:
| 主要作者: | |
|---|---|
| 格式: | 图书 |
| 语言: | Arabic |
| 出版: |
al-Riyāḍ :
Dār Aḍwāʼ al-Salaf,
2005.
|
| 版: | al-Ṭabʻah 1. |
| 主题: | |
| 标签: |
添加标签
没有标签, 成为第一个标记此记录!
|
| LEADER | 00984aam a2200277 a 4500 | ||
|---|---|---|---|
| 001 | 009727083-0 | ||
| 005 | 20090227123812.0 | ||
| 008 | 070226s2005 su b 000 0 araoc | ||
| 035 | 0 | |a ocm85267791 | |
| 040 | |a AZU |c AZU | ||
| 090 | |a BP136.7 |b .I266 2005 | ||
| 100 | 1 | |6 880-01 |a Ibn Ṭalʻat, Muḥammad. | |
| 245 | 1 | 0 | |6 880-02 |a Muʻjam al-mudallsīn / |c iʻdād Muḥammad ibn Ṭalʻat. |
| 250 | |6 880-03 |a al-Ṭabʻah 1. | ||
| 260 | |6 880-04 |a al-Riyāḍ : |b Dār Aḍwāʼ al-Salaf, |c 2005. | ||
| 300 | |6 880-05 |a 539 p. ; |c 25 cm. | ||
| 504 | |a Includes bibliographical references. | ||
| 650 | 0 | |a Hadith |x Authorities. | |
| 752 | |a Saudi Arabia |d Riyadh. | ||
| 880 | 1 | |6 100-01 |a ابن طلعت، محمد. | |
| 880 | 1 | 0 | |6 245-02 |a معجم المدلسين / |c اعداد محمد بن طلعت. |
| 880 | |6 250-03 |a الطبعة 1. | ||
| 880 | |6 260-04 |a الرياض : |b دار اضواء السلف، |c 2005. | ||
| 880 | |6 300-05 |a 539 ص. ؛ |c 25 سم. | ||
| 988 | |a 20050802 | ||
| 906 | |0 OCLC | ||


